00735nam a2200241 a 4500001001300000003000900013005001700022008004100039020002300080082001700103100001400120245004600134260005100180300000900231500003500240505001700275650002500292700001400317902000800331942000700339952013000346999001700476nice12345678IN_TiNIC20260116014230.0050524s2003 dela grp 000 0 eng  a8187746 c15000a297.24bKHA1 aKhan, A M aHistorical Value of the Qur`an and Hadith aDelhibGlobal Vision Publications House c2003 a147p aincludes index and biblioraphy2 aBibliography aQuran-Historiography1 aKhan, A M bSRS cBK 001040708StackRoom-aHMIbHMId2011-06-10g150.00l2o297.24 KHA1p021281r2018-07-23s2018-07-20v150.00w2005-05-24yBK c14438d14438